Fashion beyond borders (Record no. 4566)

MARC details
000 -CABECERA
campo de control de longitud fija 02006nam a22002177a 4500
008 - DATOS DE LONGITUD FIJA--INFORMACIÓN GENERAL
campo de control de longitud fija 250321b |||||||| |||| 00| 0 eng d
020 ## - NÚMERO INTERNACIONAL ESTÁNDAR DEL LIBRO
Número Internacional Estándar del Libro 9798218030957
040 ## - FUENTE DE LA CATALOGACIÓN
Centro/agencia transcriptor tbs
041 ## - CÓDIGO DE LENGUA
Código de lengua del texto/banda sonora o título independiente eng
050 ## - SIGNATURA TOPOGRÁFICA DE LA BIBLIOTECA DEL CONGRESO
Número de clasificación HD9940
Número de documento/Ítem .A2 G73
100 ## - ENTRADA PRINCIPAL--NOMBRE DE PERSONA
Nombre de persona Grant, Shawnie
9 (RLIN) 24991
Término indicativo de función/relación author
245 ## - MENCIÓN DE TÍTULO
Título Fashion beyond borders
Resto del título : exploring the global fashion industry
Mención de responsabilidad, etc. / Shawnie Grant.
250 ## - MENCIÓN DE EDICIÓN
Mención de edición First edition.
260 ## - PUBLICACIÓN, DISTRIBUCIÓN, ETC.
Lugar de publicación, distribución, etc. [Place of publication not identified] :
Nombre del editor, distribuidor, etc. [publisher not identified],
Fecha de publicación, distribución, etc. 2018.
300 ## - DESCRIPCIÓN FÍSICA
Extensión xii, 130 pages :
Otras características físicas illustrations, portraits (color) ;
Dimensiones 24 cm.
520 ## - SUMARIO, ETC.
Sumario, etc. Anyone who has ever tried to design a fashion brand is aware of how difficult it can be to make their fashion designs materialize. Each year, many fashion designers create fashion portfolios with hopes to produce and sell their fashion brand online or in a brick and mortar store. Finding out how to manufacture a fashion brand can be a grueling process when sourcing clothing and fabric factories abroad. Fashion Beyond Borders: Exploring The Global Fashion Industry course book provides the information and tools that you need to overcome these obstacles and successfully manufacture a fashion brand. This book includes; tips for creating a portfolio, the necessary steps to manufacturer a fashion brand, information on how-to start an eco friendly fashion brand, and ideas to prepare and coordinate a fashion show. You will also find job descriptions for career opportunities within the fashion industry, suggestions to market and advertise a fashion brand, as well as learn the pros and cons of starting an ecommerce or brick and mortar store. Includes fashion illustrations and technical drawings. This book is for students, entrepreneurs, industry professionals, and anyone that's interested in starting a fashion brand with an aim to manufacture in China.
650 #0 - PUNTO DE ACCESO ADICIONAL DE MATERIA--TÉRMINO DE MATERIA
Término de materia o nombre geográfico como elemento de entrada Fashion merchandising
9 (RLIN) 8540
650 #0 - PUNTO DE ACCESO ADICIONAL DE MATERIA--TÉRMINO DE MATERIA
Término de materia o nombre geográfico como elemento de entrada Clothing trade
Subdivisión general Marketing
9 (RLIN) 24992
650 #0 - PUNTO DE ACCESO ADICIONAL DE MATERIA--TÉRMINO DE MATERIA
Término de materia o nombre geográfico como elemento de entrada Clothing trade
Subdivisión general Public relations
9 (RLIN) 24993
942 ## - ELEMENTOS DE ENTRADA AGREGADA (KOHA)
Fuente del sistema de clasificación o colocación Clasificación de Library of Congress
Holdings
Estado de retiro Estado de pérdida Fuente del sistema de clasificación o colocación Estado dañado No para préstamo Biblioteca de origen Biblioteca actual Fecha de adquisición Total de préstamos Signatura topográfica completa Código de barras Fecha visto por última vez Fecha del último préstamo Número de copia Precio válido a partir de Tipo de ítem Koha
    Clasificación de Library of Congress     TBS Barcelona TBS Barcelona 21/03/2025 2 HD9940.A2 GRA B05396 15/05/2026 08/05/2026 1 21/03/2025 Book

Powered by Koha